| 000 | 00818nam a22002657a 4500 | ||
|---|---|---|---|
| 001 | 200461010 | ||
| 003 | TR-AnTOB | ||
| 005 | 20240612112536.0 | ||
| 008 | 240612b tu ||||| |||| 00| 0 tur d | ||
| 020 | _a9786257344166 | ||
| 040 |
_aTR-AnTOB _beng _erda _cTR-AnTOB |
||
| 041 |
_atur _beng |
||
| 092 |
_a372.412 _bMAN 2023 |
||
| 100 | _qManchego, Chelo. | ||
| 245 |
_aİstek canavarları ve hayatımın kotrolünü elime almanın öyküsü / _cChelo Manchego ; çeviren : Hayriye Selen İyicigil. |
||
| 250 | _a2. bs. | ||
| 260 |
_aİstanbul : _bOkuyan Koala ; _c2023. |
||
| 300 |
_a32 Pages. : _bill. ; _c22 cm. |
||
| 336 |
_atext _btxt _2rdacontent |
||
| 337 |
_aunmediated _bn _2rdamedia |
||
| 338 |
_avolume _bnc _2rdacarrier |
||
| 942 |
_2ddc _cBK |
||
| 999 |
_c200461010 _d79222 |
||